Life science and space research (Record no. 6004)
[ view plain ]
| 000 -LEADER | |
|---|---|
| fixed length control field | 00552nam a2200193Ia 4500 |
| 003 - CONTROL NUMBER IDENTIFIER | |
| control field | IN-BaIIA |
| 008 - FIXED-LENGTH DATA ELEMENTS--GENERAL INFORMATION | |
| fixed length control field | 211028s9999 xx 000 0 eng d |
| 020 ## - INTERNATIONAL STANDARD BOOK NUMBER | |
| International Standard Book Number | 0-08-022022-3 |
| 040 ## - CATALOGING SOURCE | |
| Transcribing agency | IIA Library |
| 080 ## - UNIVERSAL DECIMAL CLASSIFICATION NUMBER | |
| Universal Decimal Classification number | 063:629.19 |
| Item number | HOL |
| 100 ## - MAIN ENTRY--PERSONAL NAME | |
| Personal name | Holmquist, R. |
| 9 (RLIN) | 10423 |
| 245 #0 - TITLE STATEMENT | |
| Title | Life science and space research |
| Remainder of title | vol. XVI |
| Statement of responsibility, etc. | R. Holmquist and A. C. Stickland |
| 260 ## - PUBLICATION, DISTRIBUTION, ETC. | |
| Place of publication, distribution, etc. | Oxford |
| Name of publisher, distributor, etc. | Pergamon Press |
| Date of publication, distribution, etc. | 1978 |
| 300 ## - PHYSICAL DESCRIPTION | |
| Extent | ix, 157p. |
| 650 ## - SUBJECT ADDED ENTRY--TOPICAL TERM | |
| Topical term or geographic name entry element | Astronomy and Astrophysics thesaurus |
| 650 ## - SUBJECT ADDED ENTRY--TOPICAL TERM | |
| Topical term or geographic name entry element | Space science |
| 700 ## - ADDED ENTRY--PERSONAL NAME | |
| Personal name | Stickland A. C. |
| 942 ## - ADDED ENTRY ELEMENTS (KOHA) | |
| Koha item type | Books |
| Withdrawn status | Lost status | Damaged status | Not for loan | Home library | Current library | Shelving location | Date acquired | Total Checkouts | Full call number | Barcode | Date last seen | Price effective from | Koha item type |
|---|---|---|---|---|---|---|---|---|---|---|---|---|---|
| IIA Library-Bangalore | IIA Library-Bangalore | General Stacks | 30/11/1978 | 063:629.19/ HOL | 6707 | 05/11/2021 | 30/11/1978 | Books |